| 000 | 00375nam a22001457a 4500 | ||
|---|---|---|---|
| 020 | _a9788173814990 | ||
| 082 | _a621.381 BHA | ||
| 100 | _aBhattacharya, A.B. | ||
| 245 | _aElectronic principles and applications | ||
| 260 |
_aNew Delhi _bNew Central Book agency _c2011 |
||
| 300 |
_axxix, 862p. : _e25 cm |
||
| 650 | _aElectronics | ||
| 700 | _aA.B.Bhattacharya | ||
| 942 | _cBK | ||
| 999 |
_c11858 _d11858 |
||